00452nam a2200145Ia 4500008004100000100001800041245011900059245003300178260002400211260000900235300001000244500000900254650002300263650002000286170224s9999 xx 000 0 und d aCarl Therrien aEnter the bit wars: A study of video game marketing and platform crafting in the wake of the TurboGrafx-16 launch  cCarl Therrien, Martin Picard bNew Media & Society c2016 a18:10 a2016 xCommunication Arts xMultimedia Arts